Ed Sheeran -Supermarket Flowers lyrics - Statistics

General Stats
  • This quiz has been taken 608 times
  • The average score is 218 of 272
Answer Stats
Answer % Correct
I
99%
the
98%
a
97%
A
97%
flowers
97%
supermarket
97%
when
96%
When
96%
to
95%
you
93%
You
93%
an
92%
from
92%
in
92%
be
91%
me
91%
me
91%
mum
90%
of
90%
that
90%
that
90%
your
90%
my
89%
tea
89%
up
88%
and
87%
And
87%
And
87%
angel
87%
love
87%
took
87%
Took
87%
down
86%
go
86%
he
86%
shape
85%
you're
85%
You're
85%
been
84%
cup
84%
old
83%
tear
83%
that's
83%
that's
83%
life
82%
loved
82%
so
82%
So
82%
there
82%
know
81%
were
81%
But
80%
but
80%
had
80%
made
80%
day
79%
God
79%
home
79%
Memories
79%
back
78%
Hallelujah
78%
is
78%
Hallelujah
77%
holding
77%
photo
77%
sing
77%
album
76%
every
76%
wings
76%
as
75%
cry
75%
time
75%
windowsill
75%
don't
74%
I'm
74%
say
74%
sink
74%
Spread
74%
takes
74%
I'll
73%
told
73%
you'd
73%
Dad
72%
ginger
72%
on
72%
beer
71%
it's
71%
always
70%
blink
70%
Matthew
70%
mum
70%
pieces
69%
stuffed
69%
there's
69%
animals
68%
fell
68%
heart
68%
Packed
68%
tearing
68%
Oh
67%
said
67%
well
67%
we'll
67%
lived
66%
get
64%
broke
62%
cards
62%
Poured
62%
face
61%
soon
61%
see
59%
put
58%
side
58%
threw
56%
cheek
53%
wiped
53%
have
52%
chairs
51%
did
51%
hand
51%
world
51%
hope
50%
become
48%
his
48%
person
48%
case
47%
Folded
47%
got
47%
neatly
47%
pillows
47%
cause
46%
drive
46%
with
46%
he'd
45%
John
45%
then
45%
stacked
44%
fluffed
40%
nightgowns
36%
beds
35%
says
30%
No matching quizzes found
Score Distribution
Percent of People with Each Score
Percentile by Number Answered
Your Score History
You have not taken this quiz